000 00721nam a22001815i 4500
001 162254
003 ES-MaACL
005 20230906212449.0
008 960201s1880 sp |||| | spa d
040 _aCLM
_bspa
_cCCPB | SIC
100 0 _aPlatón.
_992598
245 1 0 _aCinco diálogos de Platón
_b: el convite, el entifron, La apología de Sócrates, el critón, el fedón /
_ctraducidos... del griego con argumentos y notas por Anacleto Longué y Molpeceres.
260 _aMadrid :
_b[s.n.],
_c1880 (
_fImprenta y Fundición de M. Tello)
300 _a378 p. ;
_c20 cm.
700 2 1 _aLongué y Molpeceres, Anacleto,
_etrad.
_9129049
852 _aES-MaACL
_jF-8516
_z-- Enc. pasta española
999 _c162254
_d162254